000 00712cam a2200217 a 4500
001 000007621
005 20200929154233.0
008 831117s1959 mx 000 0 spa d
040 _aDO-SdBNP
_bspa
_cBNPHU
041 1 7 _aspa
_hger
082 _a923.9469
_bZ97m, 1959
100 1 _aZweig, Stefan,
_d1881-1942.
_913343
240 1 0 _aMagellan.
_lEspañol
245 1 0 _aMagallanes :
_bla aventura más audaz de la humanidad /
_cStefan Zweig ; traducción Alfredo Cahn.
250 _a3a ed.
260 _aMéxico :
_bDiana,
_c1959.
300 _a315 p. ;
_c21 cm.
534 _aTítulo de la obra en alemán:
_tMagellan
600 1 4 _aMAGALLANES, FERNANDO DE,
_d1480?-1521
_921148
700 1 _aCahn, Alfredo,
_etr.
_921149
999 _c7401
_d7401